| 000 | 00908nam a2200241Ia 4500 | ||
|---|---|---|---|
| 003 | GCL | ||
| 005 | 20240530101811.0 | ||
| 008 | 140319s9999 xx 000 0 ara d | ||
| 040 |
_aGCL / _cGCL |
||
| 082 | 0 | 4 |
_a398 _bع م |
| 100 | 1 | _aعلياء على شكرى | |
| 245 | 1 | 0 |
_aمن دليل العمل الميدانى الجامعى التراث الشعبى / _cعلياء على شكرى _nالجزء الرابع . _pالدراسة العلمية لعادات الطعام واداب المائدة |
| 260 |
_a[S.N] : _bدار المعرفة الجامعية ، _c1993 |
||
| 300 | _a238 ص | ||
| 650 | 0 | 4 | _aالعادات والتقاليد |
| 650 | 0 | 4 | _aالفولكلور |
| 650 | 0 | 4 | _aاداب السلوك |
| 650 | 0 | 4 | _aالاداب الاجتماعية |
| 650 | 0 | 4 | _aاداب المائدة |
| 650 | 0 | 4 | _aاداب الضيافة |
| 650 | 0 | 4 | _aاعداد المائدة |
| 942 |
_2ddc _cBK |
||
| 999 |
_c27799 _d27799 |
||